| 000 | 00481nam a2200181Ia 4500 | ||
|---|---|---|---|
| 003 | OSt | ||
| 005 | 20250205114147.0 | ||
| 008 | 210210b1962 xxu||||| |||| 00| 0 eng d | ||
| 040 | _cAL | ||
| 041 | _aKannada | ||
| 082 | _a859/815 | ||
| 100 |
_aTRIVENI _994670 _dತ್ರಿವೇಣಿ. |
||
| 245 |
_aKashiyatre _bಕಾಶಿಯಾತ್ರೆ |
||
| 260 |
_aMaisuru _bDVK Murthy, Prakashakaru _c1962 |
||
| 690 |
_aKannada Fiction _994671 |
||
| 906 | _a021574 | ||
| 942 |
_2ddc _cBK |
||
| 999 |
_c145662 _d145662 |
||